| 000 | 00398nam a2200145 a 4500 | ||
|---|---|---|---|
| 005 | 20140513081057.0 | ||
| 008 | 070925s19uu xx 00 eng d | ||
| 050 |
_aVCD _bBu976 2008 |
||
| 245 |
_aBusasaurus (The) : _bdinosaurs. |
||
| 260 |
_aPhilippines : _bScholastic, _c2008. |
||
| 440 | _aThe Magic School Bus | ||
| 500 | _aRun time: 30 minutes | ||
| 650 | _aDinosaurs; fossils | ||
| 999 |
_c116571 _d116571 |
||